000 00516 a2200145 4500
005 20250311080835.0
020 _a9781119047605
082 _a658.812 BLI
100 _aBLISS, J.
245 _aChief Customer Officer 2.0: How to Build Your Customer-Driven Growth Engine
260 _aCanada
_bJossey-Bass
_c2015
300 _axvi, 269p., ill., figure, table
_bIndex
_c23cm
856 _yAccess Online Book
_fChief Customer Officer 2.0: How to Build Your Customer-Driven Growth Engine
_dwww.josseybass.com
942 _2ddc
_cBKS
999 _c320
_d320